Receitas da cozinha da máfia / (Record no. 1005)
[ view plain ]
| 000 -LÍDER | |
|---|---|
| campo de controle de tamanho fixo | 01190nam a22002537a 4500 |
| 003 - IDENTIFICADOR DO NÚMERO DE CONTROLE | |
| campo de controle | OSt |
| 005 - DATA E HORÁRIO DA ÚLTIMA TRANSAÇÃO | |
| campo de controle | 20251119151335.0 |
| 008 - CAMPO DE DADOS FIXOS--INFORMAÇÃO GERAL | |
| campo de controle de tamanho fixo | 251119b |||||||| |||| 00| 0 eng d |
| 020 ## - ISBN - INTERNATIONAL STANDARD BOOK NUMBER | |
| ISBN - International Standard Book Number | 8527901927 |
| 040 ## - FONTE DA CATALOGAÇÃO | |
| Instituição que transcreveu o registro | Nolita |
| 041 ## - CÓDIGO DE IDIOMA | |
| Código do idioma do texto/trilha sonora ou título diferente | Português |
| 100 1# - ENTRADA PRINCIPAL--NOME PESSOAL | |
| Nome pessoal | Iannuzzi, Joseph |
| 9 (RLIN) | 983 |
| 210 ## - TÍTULO ABREVIADO | |
| Fonte | The mafia cookbook. |
| 245 ## - TÍTULO | |
| Título | Receitas da cozinha da máfia / |
| Indicação de responsabilidade, etc. | Joseph "Joe Dogs" Iannuzzi ; tradução de Lia Chiaverini |
| 260 ## - PUBLICAÇÃO, DISTRIBUIÇÃO, ETC. | |
| Local de publicação, distribuição, etc. | São Paulo : |
| Nome do editor, distribuidor, etc. | Marco Zero, |
| Data da publicação, distribuição, etc. | 1995 |
| 300 ## - DESCRIÇÃO FÍSICA | |
| Extensão | 159 p. : |
| Outros detalhes físicos | il. ; |
| Dimensões | 21 cm |
| 500 ## - NOTA GERAL | |
| Nota geral | Obra encadernada em espiral.<br/>Tradução de: The Mafia cookbook. |
| 520 ## - NOTA DE RESUMO, ETC. | |
| Resumo, etc. | É uma combinação única de receitas italianas autênticas e memórias do submundo do crime organizado. Joseph "Joe Dogs" Iannuzzi, ex-associado da família criminosa Gambino e informante do FBI, compartilha pratos tradicionais como camarão scampi, vitela marsala e bife à florentina, entrelaçados com histórias de sua vida na máfia. O livro oferece uma perspectiva culinária e histórica sobre a cultura mafiosa. |
| 650 #0 - ASSUNTO--TERMO TÓPICO | |
| Cabeçalho tópico ou nome geográfico | Gastronomia |
| 9 (RLIN) | 7 |
| 650 #0 - ASSUNTO--TERMO TÓPICO | |
| Cabeçalho tópico ou nome geográfico | Culinária internacional |
| 9 (RLIN) | 11 |
| 650 #0 - ASSUNTO--TERMO TÓPICO | |
| Cabeçalho tópico ou nome geográfico | Culinária italiana |
| 9 (RLIN) | 27 |
| 650 #0 - ASSUNTO--TERMO TÓPICO | |
| Cabeçalho tópico ou nome geográfico | Receitas |
| 9 (RLIN) | 12 |
| 942 ## - ELEMENTOS DE ENTRADA ADICIONADOS (KOHA) | |
| Fonte de classificação ou esquema de arquivamento | Classificação decimal de Dewey |
| Tipo de material Koha | Livros |
| Ocultar no OPAC | Não |
| Situação do descarte | Situação das perdas | Fonte de classificação ou esquema de arquivamento | Status danificado | Não pode ser emprestado | Coleção | Biblioteca de origem | Biblioteca atual | Data de aquisição | Total de empréstimos | Número de chamada completo | Código de barras | Data de último acesso | Data do preço efetivo | Tipo de material Koha |
|---|---|---|---|---|---|---|---|---|---|---|---|---|---|---|
| Classificação decimal de Dewey | Não ficção | Nolita Roastery | Nolita Roastery | 11/19/2025 | L1083 | L1083 | 11/19/2025 | 11/19/2025 | Livros |